| 000 | 00679cab a2200229 4500 | ||
|---|---|---|---|
| 001 | WB3132-69 | ||
| 008 | 090401t1995 xxu||||| |||| 00| 0 eng d | ||
| 035 | _a(Sirsi) u57495 | ||
| 041 | _aeng | ||
| 245 | _aFarmers pushed into accepting low rents | ||
| 260 | _c1995 | ||
| 350 | _a0 | ||
| 490 |
_aWestern Morning News _v23 August 1995, 2(1) |
||
| 520 | _aAccording to Humberts, landowners are being pushed into signing agreements for low rents for communication mast sites. | ||
| 650 | _aCOMMUNICATIONS MASTS | ||
| 650 | _aLAND RENTAL | ||
| 650 | _aRADIO MASTS | ||
| 650 | _aTELECOMMUNICATION SITES | ||
| 690 | _aRURAL PRACTICE | ||
| 942 | _n0 | ||
| 948 | _c04/03/1997 | ||
| 999 |
_c35069 _d35069 |
||